000 00559nam a2200181 a 4500
005 20140311163022.0
008 070914s19uu xx 00 eng d
020 _a1844480003
050 _aND 2420
_b.Sm642 2004
100 _aSmith, Ray Campbell
245 _aBuildings in watercolour :
_blearn how to create beautiful paintings /
_cRay Campbell Smith
260 _aGreat Britain :
_bSearch Press Limited,
_c2004.
300 _a48 p. :
_bill. col. ;
_c25 cm.
521 _aMA
650 _aPaintings
_xTechnique.
942 _cBK
_2lcc
_kFOR
999 _c39486
_d39486